[Event "1. OEsterreichische Internet Schach Meisterschaft - Vorrunde 1"]
[Site "Online - Playchess.com"]
[Date ""]
[Round "8"]
[Board "71"]
[White "Kuzmanovic, Zeljko"]
[Black "Ploeckinger, Paul"]
[Result "1-0"]
[WhiteElo "1811"]
[BlackElo "1334"]
[PlyCount "73"]
[EventDate "2020.04.11"]
[EventRounds "9"]
[EventCountry "AUT"]

1. Nf3 d5 2. c4 d4 3. e3 dxe3 4. fxe3 Nc6 5. d3 e6 6. Be2 Nf6 7. O-O Bc5 8. Nc3
Ne7 9. d4 Bb4 10. a3 Bxc3 11. bxc3 Bd7 12. Bd3 Bc6 13. Qe2 Be4 14. Qc2 Bxd3 15.
Qxd3 c5 16. Rb1 b6 17. e4 cxd4 18. e5 Nd7 19. cxd4 Nf5 20. d5 Nc5 21. Qc2 O-O
22. d6 Qd7 23. g4 Nh6 24. Bxh6 gxh6 25. Qd2 Kh8 26. Qxh6 Rg8 27. Ng5 Rg7 28.
Qf6 Qd8 29. Nxf7+ Kg8 30. Nxd8 Rxg4+ 31. Kh1 Rxd8 32. Qxd8+ Kg7 33. Qf6+ Kg8
34. Qf7+ Kh8 35. Rg1 Rxg1+ 36. Rxg1 Nd7 37. Rg8#  1-0

[Event "1. OEsterreichische Internet Schach Meisterschaft - Vorrunde 1"]
[Site "Online - Playchess.com"]
[Date ""]
[Round "8"]
[Board "72"]
[White "Virag, Herbert"]
[Black "Kellner, Nikolaus"]
[Result "1-0"]
[WhiteElo "1772"]
[BlackElo "1685"]
[PlyCount "43"]
[EventDate "2020.04.11"]
[EventRounds "9"]
[EventCountry "AUT"]

1. d4 f5 2. e4 fxe4 3. Nc3 Nf6 4. Bg5 d5 5. Bxf6 exf6 6. Qh5+ g6 7. Qxd5 Qxd5
8. Nxd5 Kd8 9. Nxf6 Bg7 10. Nxe4 Bxd4 11. O-O-O Nc6 12. c3 Bf5 13. Ng5 Ke7 14.
cxd4 Kf6 15. N5f3 Rhe8 16. Bd3 Bxd3 17. Rxd3 Nb4 18. Rb3 a5 19. a3 Nd5 20. Rxb7
Ra6 21. Ne5 Nf4 22. g3 {Zeit}  1-0

[Event "1. OEsterreichische Internet Schach Meisterschaft - Vorrunde 1"]
[Site "Online - Playchess.com"]
[Date ""]
[Round "8"]
[Board "73"]
[White "Kwech, Martin"]
[Black "Pedevilla, Luis"]
[Result "0-1"]
[WhiteElo "1105"]
[BlackElo "1650"]
[PlyCount "72"]
[EventDate "2020.04.11"]
[EventRounds "9"]
[EventCountry "AUT"]

1. e4 c5 2. Nf3 Nc6 3. Bb5 g6 4. Bxc6 bxc6 5. d4 cxd4 6. Nxd4 Bg7 7. O-O e6 8.
Nc3 Ne7 9. Re1 O-O 10. Be3 d5 11. exd5 cxd5 12. Nf3 Nf5 13. Nd4 Nxe3 14. fxe3
Qb6 15. Nb3 Bh6 16. Qd3 Ba6 17. Qd4 Qxd4 18. exd4 Bg7 19. Rad1 Rab8 20. Nc5 Bc8
21. Nb3 Rd8 22. Na5 Rxb2 23. Nc6 Rd7 24. Na4 Rxc2 25. Nc5 Rc7 26. Nb4 Rc4 27.
Nba6 Bxa6 28. Nxa6 R7c6 29. Nc5 Bxd4+ 30. Rxd4 Rxd4 31. Nd7 Kg7 32. Ne5 Rc2 33.
Nf3 Ra4 34. Kf1 Raxa2 35. Nd4 Rxg2 36. Nf3 Raf2#  0-1

[Event "1. OEsterreichische Internet Schach Meisterschaft - Vorrunde 1"]
[Site "Online - Playchess.com"]
[Date ""]
[Round "8"]
[Board "74"]
[White "Hofer, Martin"]
[Black "Pasteiner, Gernot"]
[Result "1/2-1/2"]
[WhiteElo "1603"]
[BlackElo "1632"]
[PlyCount "89"]
[EventDate "2020.04.11"]
[EventRounds "9"]
[EventCountry "AUT"]

1. e4 d5 2. exd5 Qxd5 3. Nc3 Qa5 4. d4 Nf6 5. Bd2 c6 6. Nf3 Bg4 7. Be2 e6 8.
Ne4 Qd8 9. Nxf6+ Qxf6 10. c3 Be7 11. h3 Bh5 12. Bg5 Qg6 13. Bxe7 Kxe7 14. Nh4
Qf6 15. g3 Bxe2 16. Qxe2 Nd7 17. O-O g5 18. Nf3 h5 19. Ne5 Nxe5 20. dxe5 Qf5
21. Kg2 Rad8 22. Rad1 Rxd1 23. Rxd1 Rd8 24. Rxd8 Kxd8 25. Qd1+ Kc8 26. Qd4 b6
27. a4 Qc2 28. b4 Qxa4 29. Qd6 Kb7 30. Qd7+ Ka6 31. Qc8+ Kb5 32. Qf8 Qc2 33.
Qxf7 Qe4+ 34. Kg1 Qxe5 35. Qxh5 Qxc3 36. Qe2+ Ka4 37. Qxe6 Qxb4 38. Qxc6+ Ka5
39. Qd5+ Qb5 40. Qd2+ Ka6 41. Qa2+ Qa5 42. Qc4+ Qb5 43. Qa2+ Qa5 44. Qe2+ Qb5
45. Qa2+  1/2-1/2

[Event "1. OEsterreichische Internet Schach Meisterschaft - Vorrunde 1"]
[Site "Online - Playchess.com"]
[Date ""]
[Round "8"]
[Board "75"]
[White "Gschiel, Alexander"]
[Black "Kozissnik, Christian"]
[Result "0-1"]
[WhiteElo "1908"]
[BlackElo "2023"]
[PlyCount "146"]
[EventDate "2020.04.11"]
[EventRounds "9"]
[EventCountry "AUT"]

1. d4 d5 2. c4 c6 3. cxd5 cxd5 4. Bg5 h6 5. Bh4 Nf6 6. Bxf6 gxf6 7. Nc3 Nc6 8.
Nf3 Bg7 9. Qb3 e6 10. e3 b6 11. Bb5 Bd7 12. Qa4 Qc8 13. Rc1 a6 14. Bxc6 Bxc6
15. Qc2 Qd7 16. b3 Rc8 17. O-O O-O 18. Qb2 e5 19. dxe5 fxe5 20. Rfd1 Qe6 21. a3
d4 22. exd4 Bxf3 23. gxf3 exd4 24. Ne4 d3 25. Qb1 Qg6+ 26. Ng3 Rxc1 27. Rxc1 d2
28. Rd1 Qxb1 29. Rxb1 Re8 30. Ne4 Bc3 31. Kf1 Rc8 32. Rd1 Bb2 33. a4 Rc1 34.
Ke2 Bc3 35. Nxd2 Bxd2 36. Kxd2 Rc5 37. Rc1 Rh5 38. Rc6 Rxh2 39. Ke3 b5 40. Rxa6
bxa4 41. Rxa4 Kg7 42. Rg4+ Kf6 43. b4 Rh1 44. Re4 Rb1 45. Kf4 h5 46. Kg3 Kg5
47. Re5+ f5 48. f4+ Kf6 49. b5 Rb3+ 50. Kh4 Rb4 51. Kg3 Rb3+ 52. f3 h4+ 53.
Kxh4 Rxf3 54. Rc5 Rxf4+ 55. Kg3 Rb4 56. Kf3 Kg5 57. Kg3 Rb3+ 58. Kf2 Kg4 59.
Rc4+ f4 60. Rc8 Rb2+ 61. Kf1 Rxb5 62. Kf2 Rb2+ 63. Kf1 Ra2 64. Kg1 Kg3 65. Rg8+
Kf3 66. Rc8 Ra1+ 67. Kh2 Re1 68. Rc3+ Re3 69. Rc4 Re2+ 70. Kg1 Re1+ 71. Kh2 Re5
72. Kg1 Kg3 73. Rc8 Re1#  0-1

[Event "1. OEsterreichische Internet Schach Meisterschaft - Vorrunde 1"]
[Site "Online - Playchess.com"]
[Date ""]
[Round "8"]
[Board "76"]
[White "Ticar, Clemens"]
[Black "Haemmerle, Dietmar"]
[Result "0-1"]
[WhiteElo "1753"]
[BlackElo "1762"]
[PlyCount "116"]
[EventDate "2020.04.11"]
[EventRounds "9"]
[EventCountry "AUT"]

1. d4 Nf6 2. c4 e5 3. dxe5 Ne4 4. Nf3 Bb4+ 5. Bd2 Nxd2 6. Nbxd2 O-O 7. a3 Be7
8. e4 d6 9. exd6 Bxd6 10. Be2 Re8 11. O-O Nc6 12. b4 Ne5 13. c5 Nxf3+ 14. Nxf3
Be5 15. Qxd8 Rxd8 16. Nxe5 c6 17. Bc4 Be6 18. Rad1 Re8 19. Bxe6 Rxe6 20. Nc4
Rxe4 21. Nd6 Re7 22. Rfe1 Kf8 23. Rxe7 Kxe7 24. Re1+ Kf6 25. h4 b6 26. Ne8+ Kg6
27. Re4 f5 28. Re6+ Kf7 29. Re2 Rxe8 30. Rxe8 Kxe8 31. Kf1 Ke7 32. Ke2 Ke6 33.
Ke3 Ke5 34. cxb6 axb6 35. f4+ Kd5 36. Kd3 h5 37. g3 b5 38. Ke3 Kc4 39. Kd2 Kb3
40. Kd3 Kxa3 41. Kc3 g6 42. Kd4 Kxb4 43. Ke5 Kc4 44. Kf6 b4 45. Kxg6 b3 46.
Kxh5 b2 47. Kg5 b1=Q 48. h5 Qb8 49. h6 Qg8+ 50. Kxf5 Qh7+ 51. Kg5 Kd5 52. Kh5
Ke4 53. g4 Kxf4 54. g5 Kf5 55. Kh4 Qg6 56. Kg3 Qxg5+ 57. Kf3 Qxh6 58. Ke2 Qh3 {
Racit gibt auf}  0-1

[Event "1. OEsterreichische Internet Schach Meisterschaft - Vorrunde 1"]
[Site "Online - Playchess.com"]
[Date ""]
[Round "8"]
[Board "77"]
[White "Zechner, Andrea"]
[Black "Katter, Marlene"]
[Result "0-1"]
[WhiteElo "1862"]
[BlackElo "1609"]
[PlyCount "62"]
[EventDate "2020.04.11"]
[EventRounds "9"]
[EventCountry "AUT"]

1. d4 e6 2. c4 f5 3. Nc3 Nf6 4. Bf4 d6 5. Nf3 Be7 6. e3 Nh5 7. Bd3 Nxf4 8. exf4
O-O 9. O-O Nc6 10. Re1 Bf6 11. Bc2 Re8 12. a3 b6 13. b4 Bb7 14. Rc1 a5 15. b5
Nb8 16. Bb3 c6 17. c5 dxc5 18. Bxe6+ Kh8 19. bxc6 Nxc6 20. d5 Nd4 21. Bxf5 Nxf5
22. Ne4 Qxd5 23. Nxf6 gxf6 24. Qc2 Nd4 25. Qc3 Nxf3+ 26. gxf3 Rg8+ 27. Kf1 Ba6+
28. Re2 Bxe2+ 29. Kxe2 Rae8+ 30. Kf1 Qf5 31. Rd1 Qh3#  0-1

[Event "1. OEsterreichische Internet Schach Meisterschaft - Vorrunde 1"]
[Site "Online - Playchess.com"]
[Date ""]
[Round "8"]
[Board "78"]
[White "Astner, Klaus"]
[Black "Kratochwill, Christian"]
[Result "0-1"]
[WhiteElo "1409"]
[BlackElo "1717"]
[PlyCount "92"]
[EventDate "2020.04.11"]
[EventRounds "9"]
[EventCountry "AUT"]

1. d4 d5 2. c4 c6 3. Nc3 Nf6 4. Nf3 Bf5 5. Bg5 Ne4 6. e3 h6 7. Bf4 g5 8. Bxb8
Rxb8 9. cxd5 Nxc3 10. bxc3 cxd5 11. Bb5+ Bd7 12. Bxd7+ Qxd7 13. Ne5 Qb5 14. Rb1
Qa6 15. Qb3 e6 16. Qb5+ Qxb5 17. Rxb5 Bd6 18. O-O Bxe5 19. dxe5 O-O 20. a4 Rfc8
21. Rc1 Rc4 22. Rb4 Rbc8 23. Rxc4 Rxc4 24. a5 Ra4 25. h3 Rxa5 26. c4 Rc5 27.
Rb1 b6 28. Ra1 a5 29. Rb1 Rc6 30. Rb5 dxc4 31. Kf1 c3 32. Rb1 b5 33. Ke1 b4 34.
Kd1 Rb6 35. Kc2 a4 36. f4 gxf4 37. exf4 Kg7 38. g4 Kg6 39. h4 f5 40. gxf5+ exf5
41. e6 Kf6 42. Re1 Ke7 43. Re5 b3+ 44. Kxc3 b2 45. Rxf5 b1=Q 46. Rf7+ Kxe6 {
ConteMamai gibt auf}  0-1

[Event "1. OEsterreichische Internet Schach Meisterschaft - Vorrunde 1"]
[Site "Online - Playchess.com"]
[Date ""]
[Round "8"]
[Board "79"]
[White "Staudacher, Karl-Heinz"]
[Black "Mittelbach, Eduard"]
[Result "1-0"]
[WhiteElo "1734"]
[BlackElo "1667"]
[PlyCount "49"]
[EventDate "2020.04.11"]
[EventRounds "9"]
[EventCountry "AUT"]

1. Nf3 Nf6 2. g3 d5 3. c4 Bf5 4. Bg2 c6 5. cxd5 Nxd5 6. O-O e6 7. d3 Bg6 8. Qb3
Qb6 9. Qd1 Bc5 10. e3 Nb4 11. Ne5 N8a6 12. Nxg6 hxg6 13. d4 Be7 14. Nc3 Nd5 15.
Ne4 O-O-O 16. a4 Nab4 17. a5 Qc7 18. Qb3 Rh7 19. Bd2 Rdh8 20. h3 g5 21. Rfc1 g4
22. h4 Bxh4 23. Bxb4 Bxg3 24. Nd6+ Kb8 25. Nb5 {Zeit}  1-0

[Event "1. OEsterreichische Internet Schach Meisterschaft - Vorrunde 1"]
[Site "Online - Playchess.com"]
[Date ""]
[Round "8"]
[Board "80"]
[White "Nyenstad, Martin"]
[Black "Kienboeck, Samuel"]
[Result "1-0"]
[WhiteElo "800"]
[BlackElo "1056"]
[PlyCount "35"]
[EventDate "2020.04.11"]
[EventRounds "9"]
[EventCountry "AUT"]

1. e4 e5 2. Nc3 Nc6 3. Nf3 Nf6 4. Bb5 Bb4 5. a3 Ba5 6. O-O a6 7. Bxc6 bxc6 8.
d4 exd4 9. Nxd4 O-O 10. e5 Bxc3 11. bxc3 Nd5 12. Nf5 Nxc3 13. Qg4 g6 14. Bh6
Re8 15. Rae1 d6 16. exd6 Bxf5 17. Qd4 Nb5 18. Qg7#  1-0

[Event "1. OEsterreichische Internet Schach Meisterschaft - Vorrunde 1"]
[Site "Online - Playchess.com"]
[Date ""]
[Round "9"]
[Board "1"]
[White "Poetz, Florian"]
[Black "Schwabeneder, Florian"]
[Result "0-1"]
[WhiteElo "2422"]
[BlackElo "2431"]
[PlyCount "52"]
[EventDate "2020.04.11"]
[EventRounds "9"]
[EventCountry "AUT"]

1. b3 e5 2. Bb2 Nc6 3. c4 g6 4. e3 Bg7 5. Nf3 Nge7 6. a3 O-O 7. Qc2 d5 8. cxd5
Nxd5 9. d3 Nb6 10. Nbd2 f5 11. Be2 Kh8 12. b4 a6 13. Nb3 Qe7 14. Nc5 Nd7 15.
Rc1 Nxc5 16. Qxc5 Qe8 17. O-O Bd7 18. a4 b6 19. Qc4 Ra7 20. b5 axb5 21. axb5
Na5 22. Qc3 Bxb5 23. Nxe5 c5 24. f4 Nc6 25. Bf3 Nxe5 26. fxe5 Re7 {Zeit}  0-1

[Event "1. OEsterreichische Internet Schach Meisterschaft - Vorrunde 1"]
[Site "Online - Playchess.com"]
[Date ""]
[Round "9"]
[Board "2"]
[White "Froewis, Georg"]
[Black "Halvax, Georg"]
[Result "0-1"]
[WhiteElo "2457"]
[BlackElo "2416"]
[PlyCount "72"]
[EventDate "2020.04.11"]
[EventRounds "9"]
[EventCountry "AUT"]

1. Nf3 d5 2. d4 Nf6 3. c4 e6 4. g3 Be7 5. Bg2 O-O 6. Nc3 b6 7. cxd5 exd5 8. O-O
Bb7 9. Bf4 c6 10. Rc1 Nh5 11. Bd2 Nf6 12. Ne5 Nbd7 13. Bf4 Nh5 14. Bd2 Nhf6 15.
f4 Ne8 16. e4 Nxe5 17. dxe5 d4 18. Ne2 c5 19. f5 f6 20. Nf4 fxe5 21. Qb3+ Kh8
22. Ne6 Qd6 23. Nxf8 Bxf8 24. Bg5 Nf6 25. Bxf6 gxf6 26. Qf7 Ba6 27. Rfd1 Bh6
28. Rc2 d3 29. Rc3 d2 30. Qd5 Qxd5 31. exd5 Be2 32. Bf3 Bxd1 33. Bxd1 Rd8 34.
Ra3 a5 35. Rb3 c4 36. Rxb6 Be3+  0-1

[Event "1. OEsterreichische Internet Schach Meisterschaft - Vorrunde 1"]
[Site "Online - Playchess.com"]
[Date ""]
[Round "9"]
[Board "3"]
[White "Ragger, Markus"]
[Black "Wohlfahrt, Herbert"]
[Result "1-0"]
[WhiteElo "2679"]
[BlackElo "2285"]
[PlyCount "73"]
[EventDate "2020.04.11"]
[EventRounds "9"]
[EventCountry "AUT"]

1. e4 c6 2. Nf3 d5 3. Nc3 dxe4 4. Nxe4 Nf6 5. Qe2 Nxe4 6. Qxe4 g6 7. Qe5 f6 8.
Qe3 Bg7 9. Bc4 Qd6 10. O-O Nd7 11. Re1 Nb6 12. Bb3 Bg4 13. d4 Nd5 14. Qe2 Kf8
15. h3 Bf5 16. c4 Nb4 17. Bf4 Qxf4 18. Qxe7+ Kg8 19. Qxb4 h5 20. Qxb7 Kh7 21.
Re7 Rhg8 22. Rxg7+ Rxg7 23. Qxa8 Be4 24. Re1 Bxf3 25. gxf3 Qg5+ 26. Kf1 Qh4 27.
Re8 Qxh3+ 28. Ke2 Kh6 29. Qb8 Qf5 30. Rh8+ Rh7 31. Qf8+ Kg5 32. Rxh7 Qe6+ 33.
Kd2 Qf5 34. Qh6+ Kh4 35. Qe3 Qb1 36. Qe4+ Kh3 37. Qxb1 {Herbie2017 gibt auf}
 1-0

[Event "1. OEsterreichische Internet Schach Meisterschaft - Vorrunde 1"]
[Site "Online - Playchess.com"]
[Date ""]
[Round "9"]
[Board "4"]
[White "Rieger, Robert"]
[Black "Peyrer, Konstantin"]
[Result "0-1"]
[WhiteElo "2307"]
[BlackElo "2265"]
[PlyCount "80"]
[EventDate "2020.04.11"]
[EventRounds "9"]
[EventCountry "AUT"]

1. e4 e5 2. Nf3 Nc6 3. d4 exd4 4. Nxd4 Nge7 5. c4 Nxd4 6. Qxd4 Nc6 7. Qe3 Bb4+
8. Nc3 O-O 9. Bd2 d6 10. O-O-O Bc5 11. Qg3 f5 12. f4 Nd4 13. Bd3 fxe4 14. Nxe4
Nf5 15. Qe1 Bd4 16. g4 Ne7 17. Qg3 Nc6 18. Bc2 Kh8 19. Rhe1 Bd7 20. h4 a5 21.
a3 a4 22. h5 Bb6 23. h6 Bd4 24. hxg7+ Bxg7 25. Rh1 Nd4 26. Ng5 Ne2+ 27. Kb1
Nxg3 28. Rxh7+ Kg8 29. Rg1 Qf6 30. Bc3 Qxc3 31. bxc3 Ne2 32. Rgh1 Nxc3+ 33. Kc1
Rxf4 34. Rxg7+ Kxg7 35. Rh7+ Kf6 36. Nh3 Rf1+ 37. Kd2 Bxg4 38. Kxc3 Rf3+ 39.
Kd4 c5+ 40. Kd5 Rxh3 {Time}  0-1

[Event "1. OEsterreichische Internet Schach Meisterschaft - Vorrunde 1"]
[Site "Online - Playchess.com"]
[Date ""]
[Round "9"]
[Board "5"]
[White "Freitag, Manfred"]
[Black "Schernthaner, David"]
[Result "1-0"]
[WhiteElo "2356"]
[BlackElo "2220"]
[PlyCount "111"]
[EventDate "2020.04.11"]
[EventRounds "9"]
[EventCountry "AUT"]

1. e4 e6 2. d4 d5 3. Nc3 dxe4 4. Nxe4 Nd7 5. Nf3 Ngf6 6. Bd3 Be7 7. O-O O-O 8.
c3 b6 9. Qe2 Bb7 10. Rd1 Nxe4 11. Bxe4 Bxe4 12. Qxe4 Nf6 13. Qc6 Qd5 14. Ne5
Bd6 15. Qxd5 Nxd5 16. Nc6 Ne7 17. Nxe7+ Bxe7 18. Bf4 Rac8 19. a4 Bd6 20. Be3 a6
21. c4 Bb4 22. Kf1 Rfd8 23. Ke2 f6 24. Rac1 Kf7 25. Rd3 Ke7 26. c5 bxc5 27.
dxc5 Rxd3 28. Kxd3 c6 29. Kc4 Ba5 30. b4 Bc7 31. Rd1 Rb8 32. h3 g6 33. Rd3 e5
34. Rb3 Ke6 35. Rd3 h5 36. g4 hxg4 37. hxg4 Rd8 38. Rxd8 Bxd8 39. b5 axb5+ 40.
axb5 cxb5+ 41. Kxb5 Kd7 42. c6+ Kc8 43. Kc5 f5 44. gxf5 gxf5 45. Kd5 Kc7 46.
Bc5 Bf6 47. Bd6+ Kb6 48. Bb8 e4 49. Kd6 Bh4 50. Kd7 Bxf2 51. c7 e3 52. c8=Q e2
53. Qc6+ Ka5 54. Qc3+ Kb6 55. Qb4+ Ka6 56. Qc4+ {David04 gibt auf}  1-0

[Event "1. OEsterreichische Internet Schach Meisterschaft - Vorrunde 1"]
[Site "Online - Playchess.com"]
[Date ""]
[Round "9"]
[Board "6"]
[White "Dietmayer-Kraeutler, Marco"]
[Black "Breneis, Lukas"]
[Result "1/2-1/2"]
[WhiteElo "2284"]
[BlackElo "2257"]
[PlyCount "173"]
[EventDate "2020.04.11"]
[EventRounds "9"]
[EventCountry "AUT"]

1. d4 d5 2. c4 e6 3. Nc3 a6 4. cxd5 exd5 5. Nf3 Nf6 6. Bg5 Be7 7. e3 O-O 8. Bd3
h6 9. Bh4 Be6 10. O-O Nbd7 11. Rc1 c6 12. Bb1 Re8 13. Qc2 Nf8 14. Na4 Ng6 15.
Bg3 Ne4 16. Be5 b5 17. Nc3 Nd6 18. b3 Bf5 19. Qe2 Bxb1 20. Nxb1 Rc8 21. Nbd2
Ne4 22. Rc2 Qb6 23. Rfc1 Ba3 24. Rd1 Bb4 25. Qd3 Nxe5 26. Nxe5 Nxd2 27. Rdxd2
Bxd2 28. Qxd2 Re7 29. Qc1 Rec7 30. Rc5 a5 31. Qc2 b4 32. g3 Qa6 33. Qf5 a4 34.
Qc2 axb3 35. axb3 Qa1+ 36. Kg2 Qa6 37. Nd3 Qb6 38. Ne5 f6 39. Ng4 Kf7 40. Qh7
Rf8 41. Nxh6+ Ke8 42. Nf5 Kd8 43. Nxg7 Kc8 44. Qf5+ Rd7 45. Ne6 Rff7 46. Nf4
Kb8 47. h4 Qa6 48. Qe6 Rc7 49. Qe8+ Kb7 50. Ne6 Rfe7 51. Qg8 Qd3 52. Nxc7 Qe4+
53. Kh2 Rxc7 54. Qf8 Qf3 55. Rc2 Qd1 56. Qxb4+ Kc8 57. Qd2 Qf1 58. Qe2 Qb1 59.
Ra2 Kd7 60. Ra8 Kd6 61. Qf3 Rf7 62. Rb8 Qc2 63. Qf4+ Ke6 64. Rd8 Rd7 65. Qg4+
f5 66. Qg6+ Ke7 67. Qg5+ Kd6 68. Qf6+ Kc7 69. Rxd7+ Kxd7 70. Kg2 Qe4+ 71. Kg1
Qb1+ 72. Kh2 Qe4 73. Qg5 Qc2 74. Qf4 Ke6 75. h5 Kf6 76. Kg2 Qxb3 77. Qh6+ Kf7
78. Qxc6 Qd3 79. Qxd5+ Kg7 80. Qe6 Qc2 81. d5 Qc4 82. Qxf5 Kh8 83. g4 Qc5 84.
e4 Qc3 85. Qg6 Qf3+ 86. Kf1 Qxf2+ 87. Kxf2  1/2-1/2

[Event "1. OEsterreichische Internet Schach Meisterschaft - Vorrunde 1"]
[Site "Online - Playchess.com"]
[Date ""]
[Round "9"]
[Board "7"]
[White "Fuchs, Georg"]
[Black "Perhinig, Robert"]
[Result "1-0"]
[WhiteElo "2234"]
[BlackElo "2252"]
[PlyCount "83"]
[EventDate "2020.04.11"]
[EventRounds "9"]
[EventCountry "AUT"]

1. e4 e6 2. d4 d5 3. Nd2 Nf6 4. e5 Nfd7 5. Ndf3 c5 6. c3 Nc6 7. Bd3 Be7 8. Nh3
h6 9. O-O g5 10. g4 cxd4 11. cxd4 h5 12. Nfxg5 Nxd4 13. Be3 hxg4 14. Qxg4 Bxg5
15. Nxg5 Nxe5 16. Qg3 Ndc6 17. Bb5 Qf6 18. f4 Nd7 19. f5 e5 20. Rad1 Nb6 21.
Bxb6 axb6 22. Rxd5 Bd7 23. Bxc6 Bxc6 24. Qxe5+ Qxe5 25. Rxe5+ Kd7 26. f6 Rag8
27. Rf4 Rh5 28. h4 Kc8 29. Kf2 Kb8 30. Kg3 Rgh8 31. Nxf7 Rg8+ 32. Ng5 Rf8 33.
f7 Ka7 34. Rd4 Rh6 35. Re3 b5 36. Rf4 Rg6 37. Re6 Rg7 38. Re7 Rg6 39. Re6 Rg7
40. Kg4 Rg6 41. Rxg6 Bd7+ 42. Kg3 {Glasauge72 gibt auf}  1-0

[Event "1. OEsterreichische Internet Schach Meisterschaft - Vorrunde 1"]
[Site "Online - Playchess.com"]
[Date ""]
[Round "9"]
[Board "9"]
[White "Schreiner, Peter"]
[Black "Schnider, Gert"]
[Result "1-0"]
[WhiteElo "2440"]
[BlackElo "2423"]
[PlyCount "55"]
[EventDate "2020.04.11"]
[EventRounds "9"]
[EventCountry "AUT"]

1. e4 e5 2. Nc3 Nf6 3. f4 d5 4. exd5 Nxd5 5. fxe5 Nxc3 6. bxc3 Qh4+ 7. Ke2 Qe4+
8. Kf2 Qxe5 9. Nf3 Qa5 10. Rb1 Be7 11. Rb5 Qxa2 12. Re5 Nc6 13. Bb5 Be6 14. Nd4
O-O 15. Nxc6 bxc6 16. Bxc6 Rad8 17. Qf3 Qc4 18. Rhe1 Bf6 19. R5e3 Rd6 20. Be4
Bg5 21. R3e2 f5 22. Bd3 Qc5+ 23. Kf1 Bd5 24. Qf2 Qc6 25. Kg1 g6 26. Ba3 f4 27.
Bxd6 Qxd6 28. Be4 {Zeit}  1-0

[Event "1. OEsterreichische Internet Schach Meisterschaft - Vorrunde 1"]
[Site "Online - Playchess.com"]
[Date ""]
[Round "9"]
[Board "10"]
[White "Enoeckl, Philipp"]
[Black "Hiermann, Dietmar"]
[Result "1-0"]
[WhiteElo "2276"]
[BlackElo "2250"]
[PlyCount "101"]
[EventDate "2020.04.11"]
[EventRounds "9"]
[EventCountry "AUT"]

1. d4 d5 2. Bg5 Bf5 3. e3 c6 4. c4 Nf6 5. Nc3 e6 6. Qb3 b6 7. Nf3 Be7 8. cxd5
exd5 9. Rc1 O-O 10. Be2 h6 11. Bh4 Nfd7 12. Bg3 Bg4 13. h3 Bxf3 14. Bxf3 Bh4
15. Bd6 Re8 16. O-O Be7 17. Bh2 Bf8 18. Ne2 Qf6 19. Rc2 Bd6 20. Bxd6 Qxd6 21.
Rfc1 Nf6 22. Nf4 Rd8 23. Nd3 Nfd7 24. Qa4 a5 25. Qb3 b5 26. Bg4 Nb6 27. Qc3 Ra7
28. b3 Rc7 29. Qc5 Qxc5 30. Nxc5 a4 31. Kf1 axb3 32. axb3 Ra7 33. Rb2 Nc8 34.
Bxc8 Rxc8 35. Rcc2 Kf8 36. Ra2 Rcc7 37. Ke2 Ke7 38. Nd3 Kd6 39. Nb4 Kd7 40. Kd3
Kd6 41. f3 f5 42. g4 g6 43. gxf5 gxf5 44. Rxa7 Rxa7 45. Rg2 Re7 46. Rg8 Nd7 47.
Rg6+ Kc7 48. Rxc6+ Kb7 49. Rxh6 Nb6 50. Rxb6+ Kxb6 51. Nxd5+ {Goofy007 gibt auf
}  1-0

[Event "1. OEsterreichische Internet Schach Meisterschaft - Vorrunde 1"]
[Site "Online - Playchess.com"]
[Date ""]
[Round "9"]
[Board "11"]
[White "Hofmann, Thomas"]
[Black "Lichtl, Erich"]
[Result "1/2-1/2"]
[WhiteElo "2215"]
[BlackElo "2096"]
[PlyCount "103"]
[EventDate "2020.04.11"]
[EventRounds "9"]
[EventCountry "AUT"]

1. d4 d5 2. c4 Nc6 3. cxd5 Qxd5 4. e3 e5 5. Nc3 Bb4 6. Bd2 Bxc3 7. bxc3 Nf6 8.
Bd3 Qxg2 9. Qf3 Qxf3 10. Nxf3 e4 11. Bb5 exf3 12. Rg1 O-O 13. O-O-O a6 14. Bd3
Re8 15. h4 Ne4 16. Be1 Bf5 17. h5 h6 18. Bxe4 Rxe4 19. Bd2 Na5 20. Rg3 Nc4 21.
Rdg1 g6 22. Be1 g5 23. Rxf3 Bg4 24. Rfg3 Bxh5 25. f4 Bg6 26. Bf2 Rae8 27. Rh1
Kg7 28. Rgh3 h5 29. f5 Bxf5 30. Rxh5 Bg6 31. Rxg5 Nxe3 32. Bg3 c6 33. Be5+ f6
34. Rhg1 fxe5 35. Rxg6+ Kf7 36. Rg7+ Ke6 37. R1g6+ Kd5 38. Rxb7 exd4 39. cxd4
Kxd4 40. Rxc6 Kd3 41. Rd7+ Rd4 42. Rxd4+ Kxd4 43. Rxa6 Rc8+ 44. Kb2 Rc2+ 45.
Kb3 Rc3+ 46. Kb2 Nc4+ 47. Kb1 Kd3 48. Ra8 Na3+ 49. Kb2 Nc4+ 50. Kb1 Na3+ 51.
Kb2 Nc4+ 52. Kb1  1/2-1/2

[Event "1. OEsterreichische Internet Schach Meisterschaft - Vorrunde 1"]
[Site "Online - Playchess.com"]
[Date ""]
[Round "9"]
[Board "12"]
[White "Frank, Paul"]
[Black "Borrmann, Laurenz"]
[Result "0-1"]
[WhiteElo "2210"]
[BlackElo "1880"]
[PlyCount "188"]
[EventDate "2020.04.11"]
[EventRounds "9"]
[EventCountry "AUT"]

1. Nf3 Nf6 2. g3 g6 3. Bg2 Bg7 4. O-O O-O 5. d4 d5 6. c4 Nc6 7. Na3 Bf5 8. Ne5
Ne4 9. g4 Be6 10. Nxc6 bxc6 11. c5 f5 12. g5 Bd7 13. f3 e5 14. fxe4 dxe4 15. d5
Qe7 16. d6 Qe6 17. Qb3 Qxb3 18. axb3 cxd6 19. cxd6 Rfb8 20. Nc4 Rxb3 21. Na5
Rb5 22. Rd1 Bf8 23. e3 Rab8 24. Bf1 Rd5 25. Bc4 Be6 26. Bxd5 Bxd5 27. d7 Rd8
28. Bd2 Rxd7 29. Bc3 Bc5 30. Bxe5 Bxe3+ 31. Kf1 Bxg5 32. Bd4 e3 33. Ke2 f4 34.
Rf1 Rf7 35. Rf3 Bd8 36. Rxe3 fxe3 37. Bxe3 Bb6 38. Kd3 Re7 39. Bxb6 axb6 40.
Nc4 Bxc4+ 41. Kxc4 Re2 42. b4 Rxh2 43. Ra7 Rc2+ 44. Kd4 c5+ 45. bxc5 bxc5+ 46.
Ke5 c4 47. Kf6 Rf2+ 48. Ke6 c3 49. Rc7 c2 50. Ke5 h5 51. Ke4 h4 52. Ke3 Rg2 53.
Kf3 Rd2 54. Kg4 Rh2 55. Kg5 Rg2+ 56. Kxh4 Kf8 57. Kh3 Rd2 58. Kg4 Ke8 59. Kg5
Kd8 60. Rc3 Rg2+ 61. Kf6 Kd7 62. Ke5 Rg5+ 63. Kf4 Rg2 64. Kf3 Rd2 65. Ke3 Rh2
66. Kf4 Kd6 67. Kg5 Rg2+ 68. Kf4 Kd5 69. Kf3 Rh2 70. Kg3 Rd2 71. Kf3 Kd4 72.
Rc8 Kd3 73. Rd8+ Kc3 74. Rc8+ Kb2 75. Rb8+ Kc1 76. Rb6 Kd1 77. Rxg6 c1=Q 78.
Rg1+ Kc2 79. Rxc1+ Kxc1 80. Ke3 Kc2 81. Ke4 Rd3 82. Ke5 Kc3 83. Ke4 Kc4 84. Ke5
Re3+ 85. Kf4 Kd4 86. Kf5 Re1 87. Kf4 Rf1+ 88. Kg3 Ke3 89. Kg2 Rf8 90. Kg3 Rg8+
91. Kh3 Kf4 92. Kh2 Kf3 93. Kh1 Kf2 94. Kh2 Rh8#  0-1

[Event "1. OEsterreichische Internet Schach Meisterschaft - Vorrunde 1"]
[Site "Online - Playchess.com"]
[Date ""]
[Round "9"]
[Board "13"]
[White "Juenger, Heinz"]
[Black "Strodl, Joachim"]
[Result "1-0"]
[WhiteElo "2165"]
[BlackElo "2137"]
[PlyCount "117"]
[EventDate "2020.04.11"]
[EventRounds "9"]
[EventCountry "AUT"]

1. e4 g6 2. d4 Bg7 3. Nc3 c5 4. d5 d6 5. Bb5+ Bd7 6. a4 Nf6 7. Nf3 O-O 8. Be2
Bg4 9. Nd2 Bxe2 10. Qxe2 Nbd7 11. Nc4 a6 12. a5 Rb8 13. O-O Ne8 14. Bf4 b5 15.
axb6 Nxb6 16. Na5 Qc8 17. Nc6 Rb7 18. Rxa6 e5 19. Bd2 f5 20. Rxb6 fxe4 21. Nxe4
Kh8 22. Rxb7 Qxb7 23. b3 Qd7 24. h3 Nc7 25. c4 Ne8 26. Qg4 Qb7 27. Rb1 Rf5 28.
Qd1 h5 29. Ra1 Kh7 30. Ra7 Qc8 31. g4 Rf8 32. Ng5+ Kh8 33. Ne6 Rf6 34. Nxg7
Nxg7 35. Bg5 Rf8 36. Be7 Rf7 37. Bxd6 Rxa7 38. Nxa7 Qd7 39. Nb5 e4 40. Be5 Kh7
41. Bxg7 Qxg7 42. Kg2 Qf6 43. Qe2 Qf4 44. Qe3 Qe5 45. Qxc5 hxg4 46. hxg4 Qf4
47. Qe3 Qxg4+ 48. Qg3 Qf5 49. Nd6 Qf6 50. Kh3 Kg7 51. Nxe4 Qf5+ 52. Qg4 Qe5 53.
Ng5 Qe1 54. Ne6+ Kf6 55. Qg5+ Kf7 56. Qf4+ Ke7 57. Kg2 g5 58. Qf8+ Kd7 59. Qd8#
 1-0